| 000 | 01166cam a22002894a 4500 | ||
|---|---|---|---|
| 999 |
_c17098 _d17098 |
||
| 008 | 041222s2005 nyua b 001 0 eng | ||
| 020 | _a039373174X (pbk.) | ||
| 050 | 0 | 0 |
_aNA712 _b.L4 2005 |
| 100 | 1 | _aLeBlanc, Sydney. | |
| 245 | 1 | 4 |
_aThe architecture traveler : _ba guide to 263 key American buildings / _cSydney LeBlanc. |
| 250 | _aRevised ed. | ||
| 260 |
_aNew York : _bW.W. Norton, _c2005. |
||
| 300 |
_axii, 291 p. : _bill. ; _c21 cm. |
||
| 504 | _aIncludes indexes. | ||
| 650 | 0 |
_aArchitecture _zUnited States _xHistory _y20th century _vGuidebooks. |
|
| 942 |
_2lcc _cBOOKS _hNA712 .L4 2005 |
||